00402nam a2200121Ia 4500008004100000245010700041260003500148260000900183300000900192650001800201650001500219856004600234170221s9999 xx 000 0 und d 3aAn Examination of Perceived Relational Messages that Accompany Interpersonal Communication Motivations bThe Open Communication Journal c2016 a15 : xCommunication xMedia Arts uhttps://benthamopen.com/TOCOMMJ/VOLUME/6/